[Event "GER-ch49 V05 email"]
[Site "GER email"]
[Date "2017.04.03"]
[Round "?"]
[White "Boos, Markus"]
[Black "Brinkmann, Wilhelm"]
[Result "1/2-1/2"]
[WhiteElo "2376"]
[BlackElo "2424"]
[PlyCount "89"]
[EventDate "2017.??.??"]
[EventType "tourn (corr)"]
[EventRounds "10"]
[EventCountry "GER"]
[SourceTitle "Corr 2020"]
[Source "ChessBase"]
[SourceDate "2019.09.30"]
[SourceVersion "1"]
[SourceVersionDate "2019.09.30"]
[SourceQuality "1"]

1. d4 Nf6 2. c4 g6 3. Nc3 Bg7 4. e4 d6 5. Nf3 0-0 6. h3 e5 7. d5 Nh5 8. g3 Qe8 9. Be2 f5 10. exf5 gxf5 11. Nh4 Nf6 12. Rg1 Na6 13. Be3 Kh8 14. Qd2 Bd7 15. 0-0-0 Qe7 16. f3 Ng8 17. Bf2 Rae8 18. Bd3 Bh6 19. f4 Nc5 20. Bc2 a6 21. Kb1 b5 22. cxb5 axb5 23. a3 Qf7 24. Rgf1 Rb8 25. b4 Ne7 26. bxc5 b4 27. axb4 Rxb4+ 28. Kc1 Ra8 29. c6 Bc8 30. Nf3 e4 31. Nb1 Rab8 32. Qc3+ Bg7 33. Bd4 R8b5 34. Qa3 Rc4 35. Qa2 Bxd4 36. Rxd4 Rcc5 37. Nfd2 Qf6 38. Ra4 Nxd5 39. Nb3 Rxc2+ 40. Qxc2 Ne3 41. Qb2 Qxb2+ 42. Kxb2 Be6 43. Rc1 Rxb3+ 44. Ka1 Nd5 45. Ra3 1/2-1/2

[Event "GER-ch49 V05 email"]
[Site "GER email"]
[Date "2017.04.03"]
[Round "?"]
[White "Maetzig, Ralf"]
[Black "Brinkmann, Wilhelm"]
[Result "1/2-1/2"]
[WhiteElo "2088"]
[BlackElo "2424"]
[PlyCount "85"]
[EventDate "2017.??.??"]
[EventType "tourn (corr)"]
[EventRounds "10"]
[EventCountry "GER"]
[SourceTitle "Corr 2020"]
[Source "ChessBase"]
[SourceDate "2019.09.30"]
[SourceVersion "1"]
[SourceVersionDate "2019.09.30"]
[SourceQuality "1"]

1. d4 Nf6 2. c4 g6 3. Nc3 Bg7 4. Nf3 0-0 5. Bg5 d6 6. e3 Nbd7 7. Be2 c6 8. h3 Re8 9. 0-0 e5 10. Re1 h6 11. Bh4 exd4 12. exd4 Nb6 13. a4 a5 14. Qb3 d5 15. c5 Nbd7 16. Bd3 Rxe1+ 17. Rxe1 Qc7 18. Qc2 b6 19. Bg3 Qd8 20. cxb6 Qxb6 21. Bd6 Bf8 22. Ba3 Bxa3 23. bxa3 Nf8 24. Rb1 Qc7 25. Qc1 Ba6 26. Bxa6 Rxa6 27. Qxh6 Rb6 28. g3 Ne6 29. Qe3 Ne8 30. Rc1 Qb7 31. Ne5 N8g7 32. Ne2 Nf5 33. Qc3 Kg7 34. h4 Rb3 35. Qxc6 Qxc6 36. Rxc6 Rxa3 37. Ra6 Rxa4 38. Ra7 Nh6 39. Kg2 Nxd4 40. Nxd4 Rxd4 41. Rxa5 Kf6 42. Nf3 Rd1 43. Ra6+ 1/2-1/2

[Event "GER M05-A email"]
[Site "GER email"]
[Date "2016.06.26"]
[Round "?"]
[White "Betker, Joerg"]
[Black "Brinkmann, Wilhelm"]
[Result "1/2-1/2"]
[WhiteElo "2452"]
[BlackElo "2410"]
[PlyCount "36"]
[EventDate "2016.??.??"]
[EventType "tourn (corr)"]
[EventRounds "15"]
[EventCountry "GER"]
[SourceTitle "Corr 2017"]
[Source "ChessBase"]
[SourceDate "2017.09.19"]
[SourceVersion "1"]
[SourceVersionDate "2017.09.19"]
[SourceQuality "1"]

1. e4 c5 2. Nf3 d6 3. d4 cxd4 4. Nxd4 Nf6 5. Nc3 a6 6. Bg5 e6 7. f4 Qb6 8. a3 Nbd7 9. f5 exf5 10. exf5 Be7 11. Bc4 0-0 12. 0-0 d5 13. Bb3 Bc5 14. Be3 Re8 15. Bf2 Qd6 16. Kh1 Nb6 17. Qf3 Bd7 18. Rad1 Bc6 1/2-1/2